Home Print Resources E-Books E-Journals IIMT Lecture Series Library Membership Form Book Recommendation Form Campus Tour Take AdmissionAbout Us Contact Us

Anuprukt Ganit- i (Record no. 11532)

000 -LEADER
fixed length control field 00319nam a2200145Ia 4500
003 - CONTROL NUMBER IDENTIFIER
control field OSt
005 - DATE AND TIME OF LATEST TRANSACTION
control field 20240318105133.0
008 - FIXED-LENGTH DATA ELEMENTS--GENERAL INFORMATION
fixed length control field 170523s9999 xx 000 0 und d
020 ## - INTERNATIONAL STANDARD BOOK NUMBER
International Standard Book Number 9788196325961
040 ## - CATALOGING SOURCE
Transcribing agency IIMTU
100 ## - MAIN ENTRY--PERSONAL NAME
Personal name Shina- Kelash
245 #0 - TITLE STATEMENT
Title Anuprukt Ganit- i
260 ## - PUBLICATION, DISTRIBUTION, ETC.
Place of publication, distribution, etc. BBP Pub.
942 ## - ADDED ENTRY ELEMENTS (KOHA)
Source of classification or shelving scheme
Koha item type Book Bank
Holdings
Withdrawn status Lost status Source of classification or shelving scheme Damaged status Not for loan Home library Current library Date acquired Barcode Date last seen Uniform Resource Identifier Price effective from Koha item type Public note
          IIMT University Central Library Meerut IIMT University Central Library Meerut 05/29/2017 01-B-114956 05/29/2017 Mathematics 05/29/2017 Book Bank Nil
          IIMT University Central Library Meerut IIMT University Central Library Meerut 05/29/2017 01-B-114957 05/29/2017 Mathematics 05/29/2017 Book Bank  
          IIMT University Central Library Meerut IIMT University Central Library Meerut 05/29/2017 01-B-114958 05/29/2017 Mathematics 05/29/2017 Book Bank  
          IIMT University Central Library Meerut IIMT University Central Library Meerut 05/29/2017 01-B-114959 05/29/2017 Mathematics 05/29/2017 Book Bank  
          IIMT University Central Library Meerut IIMT University Central Library Meerut 05/29/2017 01-B-114960 05/29/2017 Mathematics 05/29/2017 Book Bank  
IIMT, Central Library. All Rights Reserved IIMT,UNIVERSITY © 2023
Implemented and Customised by I CLOUDE EMS
You Are OPAC Visitor No
free web counter

Powered by Koha